Logo BPK

Biblioteka

Politechniki Koszalińskiej

Zagadnienia sterowania maszyną dwustronnie zasilaną pracującą jako prądnica w systemie elektroenergetycznym / (Rekord nr 32831)

Szczegóły MARC
000 -ETYKIETA REKORDU
podpole kontrolne o stałej długości 00899nam a2200253 i 4500
001 - NUMER KONTROLNY REKORDU
pole kontrolne bg
040 ## - ŹRÓDŁO KATALOGOWANIA
Instytucja, która utworzyła rekord BPK
041 0# - KOD JĘZYKA
Kod języka tekstu pl
Kod języka streszczenia lub abstraktu en
080 ## - UNIWERSALNA KLASYFIKACJA DZIESIĘTNA - UKD
UKD 621.313.1:621.314
008 - POLE O STAŁEJ DŁUGOŚCI - DANE KONTROLNE
podpole kontrolne o stałej długości s pl f |000 0 pol
100 1# - NAZWA OSOBOWA
Nazwa osobowa BOGALECKA, Elżbieta
245 10 - TYTUŁ/ODPOWIEDZIALNOŚĆ
Tytuł Zagadnienia sterowania maszyną dwustronnie zasilaną pracującą jako prądnica w systemie elektroenergetycznym /
Pozostałe elementy strefy tytułu i oznaczenia odpowiedzialności Elżbieta Bogalecka.
260 ## - STREFA ADRESU WYDAWNICZEGO
Miejsce wydania Gdynia :
Nazwa wydawcy/dystrybutora Wydaw. Uczelniane WSM,
Data publikacji, dystrybucji/powstania dokumentu 1997.
300 ## - STREFA OPISU FIZYCZNEGO
Objętość 176 s. :
Inne cechy fizyczne rys., wykr. ;
Rozmiary 21 cm.
490 1# - STREFA SERII I DOKUMENTU WIELOCZĘŚCIOWEGO - FORMA NIE DO WYSZUKIWANIA
Tytuł i oznaczenie odpowiedzialności serii Prace Naukowe Wyższej Szkoły Morskiej w Gdyni,
ISSN 0860-4827
504 ## - UWAGA DOTYCZĄCA BIBLIOGRAFII
Informacje o bibliografii Bibliogr. s. 168-175.- Summ.
650 #9 - HASŁO PRZEDMIOTOWE W FORMIE NAZWY OGÓLNEJ LUB JEDNOSTKOWEJ
Nazwa ogólna lub geograficzna Elektroenergetyka
Określnik ogólny urządzenia
650 #9 - HASŁO PRZEDMIOTOWE W FORMIE NAZWY OGÓLNEJ LUB JEDNOSTKOWEJ
Nazwa ogólna lub geograficzna Prądnice
650 #9 - HASŁO PRZEDMIOTOWE W FORMIE NAZWY OGÓLNEJ LUB JEDNOSTKOWEJ
Nazwa ogólna lub geograficzna Przekształtniki
650 #9 - HASŁO PRZEDMIOTOWE W FORMIE NAZWY OGÓLNEJ LUB JEDNOSTKOWEJ
Nazwa ogólna lub geograficzna Sterowanie
Określnik ogólny metody
710 0# - HASŁO DODATKOWE - NAZWA CIAŁA ZBIOROWEGO
Nazwa ciała zbiorowego lub jednostki geograficznej WYŻSZA SZKOŁA MORSKA (Gdynia)
830 ## - HASŁO DODATKOWE SERII LUB DOKUMENTU WIELOCZĘŚCIOWEGO - TYTUŁ UJEDNOLICONY
Tytuł ujednolicony Prace Naukowe Wyższej Szkoły Morskiej w Gdyni,
-- 0860-4827
856 ## - LOKALIZACJA I DOSTĘP DO ELEKTRONICZNYCH DOKUMENTÓW ZDALNYCH
Link (URL) http://koha.tu.koszalin.pl/cgi-bin/koha/opac-detail.pl?biblionumber=32831
Tekst linku Katalog online BPK
942 ## - DODATKOWE ELEMENTY (KOHA)
Typ dokumentu Książka
Egzemplarze
Wycofany Status egzemplarza Uszkodzony Dostępność Lokalizacja stała Lokalizacja bieżąca Miejsce przechowywania Sygnatura Kod kreskowy Typ dokumentu
      Dostępny Biblioteka Politechniki Koszalińskiej Biblioteka Politechniki Koszalińskiej Wypożyczalnia BG 42338 01317787 Książka
© 2023 Biblioteka Politechniki Koszalińskiej :: KOHA